| 000 | 00526nam a2200181Ia 4500 | ||
|---|---|---|---|
| 008 | 100920s9999 xx 000 0 und d | ||
| 082 |
_b95641 _a891.43 न 06 |
||
| 100 | _aकृष्णचन्द्र. | ||
| 245 | _aपराजय. | ||
| 260 |
_bएशियन पब्लिशर्स , दिल्ली. _c2006 |
||
| 300 |
_a176 _bसाधी |
||
| 365 | _b175 | ||
| 520 | _aहिंदी. | ||
| 630 | _aपराजय. | ||
| 650 | _aहिंदी. | ||
| 730 | _aपराजय. | ||
| 942 | _cBOOK | ||
| 999 |
_c736083 _d736080 |
||